Loading...
| Fine Arts - Classical Music | 3 | 3 | 0 | 0 | 75 | 12 | 65.33 | 5 | 6 | 0.00 | 0.00 |
| Fine Arts - Painting and Sculpture | 2 | 1 | 0 | 0 | 40 | 62 | 70.00 | 3 | 3 | 0.00 | 0.00 |
| Fine Arts - Other | 0 | 4 | 2 | 1 | 30 | 106 | 126.00 | 2 | 4 | 0.00 | 0.00 |
| History - European | 1 | 0 | 0 | 0 | 15 | 21 | 21.00 | 1 | 1 | 0.00 | 0.00 |
| History - Ancient | 0 | 1 | 0 | 0 | 10 | 73 | 73.00 | 0 | 1 | 0.00 | 0.00 |
| Mythology | 0 | 1 | 0 | 1 | 10 | 151 | 151.00 | 0 | 1 | 0.00 | 0.00 |
| Other Academic | 0 | 1 | 0 | 0 | 10 | 104 | 104.00 | 0 | 1 | 0.00 | 0.00 |
| Social Science | 0 | 1 | 0 | 0 | 10 | 83 | 83.00 | 0 | 1 | 0.00 | 0.00 |
| History - World | 0 | 0 | 0 | 0 | 0 | 0.00 | 0 | 0 | 0.00 | 0.00 |